[Event "Niedersachsen-ch op-B"]
[Site "Verden"]
[Date "2015.01.03"]
[Round "3"]
[White "Kuipers, Hartmut"]
[Black "Schulte, Franziska"]
[Result "1-0"]
[WhiteElo "1052"]
[BlackElo "945"]
[PlyCount "71"]
[EventDate "2015.01.02"]
[EventType "swiss"]
[EventRounds "7"]
[EventCountry "GER"]
[SourceTitle "EXT 2018"]
[Source "ChessBase"]
[SourceDate "2017.10.13"]
[SourceVersion "1"]
[SourceVersionDate "2017.10.13"]
[SourceQuality "1"]

1. d4 e6 2. c4 Nf6 3. Nc3 Bb4 4. Bd2 d5 5. e3 b6 6. Qa4+ Bd7 7. Qxb4 Nc6 8. Qa3 a5 9. Nf3 Nb4 10. Rc1 0-0 11. cxd5 exd5 12. Qb3 Be6 13. Nb5 Na6 14. Bd3 c5 15. dxc5 bxc5 16. Qa4 c4 17. Be2 Nc5 18. Qa3 Qb6 19. Nbd4 Bg4 20. 0-0 Nfe4 21. Rfd1 Qh6 22. h3 Bd7 23. b3 Nd3 24. Bxd3 cxd3 25. Ne5 Bc8 26. Nxd3 Qg6 27. Nf4 Qg5 28. Nf3 Qd8 29. Be1 Bb7 30. Nd2 Re8 31. Nxe4 Rxe4 32. Rc5 Re5 33. Bxa5 Qd7 34. Qb2 Qd6 35. Bb4 Rf8 36. Rb5 1-0

[Event "Niedersachsen-ch op-B"]
[Site "Verden"]
[Date "2015.01.02"]
[Round "1"]
[White "Petri, Ben Luca"]
[Black "Schulte, Franziska"]
[Result "1-0"]
[WhiteElo "1394"]
[BlackElo "945"]
[PlyCount "99"]
[EventDate "2015.01.02"]
[EventType "swiss"]
[EventRounds "7"]
[EventCountry "GER"]
[SourceTitle "EXT 2018"]
[Source "ChessBase"]
[SourceDate "2017.10.13"]
[SourceVersion "1"]
[SourceVersionDate "2017.10.13"]
[SourceQuality "1"]

1. e4 e6 2. d4 d5 3. Nc3 c5 4. exd5 cxd4 5. Qxd4 exd5 6. Qxd5 Qxd5 7. Nxd5 Bd6 8. Be3 Ne7 9. 0-0-0 Nxd5 10. Rxd5 Be7 11. Bb5+ Bd7 12. Bxd7+ Nxd7 13. Nf3 Nf6 14. Rd3 0-0 15. Ne5 Rfe8 16. Rhd1 b6 17. Nc6 Ng4 18. h3 Nxe3 19. Nxe7+ Rxe7 20. Rxe3 Rxe3 21. fxe3 Kf8 22. Rd7 g5 23. Kd2 Ke8 24. Rd5 f6 25. Kd3 Ke7 26. Kd4 Rc8 27. c4 Ke6 28. e4 Rc6 29. b4 a6 30. a4 h6 31. Rd8 h5 32. Rd5 h4 33. c5 b5 34. axb5 axb5 35. e5 fxe5+ 36. Rxe5+ Kf6 37. Kd5 Ra6 38. c6 Rxc6 39. Kxc6 Kxe5 40. Kxb5 Kf4 41. Kc4 Kg3 42. b5 Kxg2 43. b6 Kxh3 44. b7 g4 45. b8Q g3 46. Qf4 g2 47. Qf2 Kh2 48. Qxh4+ Kg1 49. Kd3 Kf1 50. Qf4+ 1-0

[Event "Hannover Ihme Cup"]
[Site "Hannover"]
[Date "2014.05.11"]
[Round "4"]
[White "Schulte, Franziska"]
[Black "Meyer, Kevin"]
[Result "1-0"]
[WhiteElo "956"]
[BlackElo "750"]
[PlyCount "59"]
[EventDate "2014.05.09"]
[EventType "swiss"]
[EventRounds "5"]
[EventCountry "GER"]
[SourceTitle "EXT 2021"]
[Source "ChessBase"]
[SourceDate "2020.10.23"]
[SourceVersion "1"]
[SourceVersionDate "2020.10.23"]
[SourceQuality "1"]

1. d4 d5 2. Nf3 Nf6 3. e3 Nc6 4. Bd3 Bg4 5. Nbd2 e6 6. 0-0 Bd6 7. h3 Qe7 8. hxg4 Nxg4 9. Qe2 Qf6 10. e4 Qh6 11. e5 Ncxe5 12. g3 Nxf3+ 13. Nxf3 Qh3 14. Bf4 Bxf4 15. gxf4 0-0 16. c4 Rae8 17. Qd1 f6 18. Re1 g5 19. cxd5 exd5 20. Bf5 Rxe1+ 21. Qxe1 Qxf3 22. Qe6+ Rf7 23. Bxg4 Qd3 24. Bh5 Kg7 25. Qxf7+ Kh6 26. Kg2 gxf4 27. Rh1 Qe4+ 28. Bf3+ Kg5 29. Bxe4 dxe4 30. Qh5# 1-0

[Event "Niedersachsen-ch U12/14 Girls"]
[Site "Norderney"]
[Date "2014.04.17"]
[Round "8"]
[White "Schulte, Franziska"]
[Black "Palmen, Sarah"]
[Result "1-0"]
[WhiteElo "899"]
[BlackElo "779"]
[PlyCount "101"]
[EventDate "2014.04.??"]
[EventType "tourn"]
[EventRounds "9"]
[EventCountry "GER"]
[SourceTitle "EXT 2017"]
[Source "ChessBase"]
[SourceDate "2016.10.25"]
[SourceVersion "1"]
[SourceVersionDate "2016.10.25"]
[SourceQuality "1"]

1. d4 d6 2. Nf3 Nd7 3. e3 g6 4. Bd3 Bg7 5. c3 Ngf6 6. Nbd2 e5 7. 0-0 0-0 8. Bc2 c6 9. Qe2 Qe7 10. e4 d5 11. exd5 Nxd5 12. Re1 f6 13. Nb3 Re8 14. c4 N5b6 15. Bd3 f5 16. dxe5 Nxe5 17. Nxe5 Bxe5 18. Nd2 Nd7 19. Nf3 Qd6 20. Qd2 Kf8 21. Qh6+ Kg8 22. Bc2 b6 23. Bb3 c5 24. a4 Nf6 25. Rd1 Ng4 26. Nxe5 Rxe5 27. g3 Nxh6 28. Rxd6 Re1+ 29. Kg2 Ng4 30. Rd8+ Kf7 31. Rd1 Re2 32. Rd2 Bb7+ 33. Kf1 Re4 34. Rd7+ Ke8 35. Rxb7 Nxh2+ 36. Kg2 Ng4 37. Rxh7 Re2 38. Rh8+ Kf7 39. Rxa8 Rxf2+ 40. Kg1 a5 41. Ra7+ Kf6 42. Rb7 g5 43. Rxb6+ Ke7 44. Bxg5+ Kf7 45. Bd1 Rh2 46. Bxg4 fxg4 47. Kxh2 Kg7 48. Rd1 Kf7 49. Rd7+ Ke8 50. Ra7 Kf8 51. Rb8# 1-0

[Event "Niedersachsen-ch U12/14 Girls"]
[Site "Norderney"]
[Date "2014.04.14"]
[Round "5"]
[White "Evering, Kira"]
[Black "Schulte, Franziska"]
[Result "1/2-1/2"]
[WhiteElo "798"]
[BlackElo "899"]
[PlyCount "104"]
[EventDate "2014.04.??"]
[EventType "tourn"]
[EventRounds "9"]
[EventCountry "GER"]
[SourceTitle "EXT 2017"]
[Source "ChessBase"]
[SourceDate "2016.10.25"]
[SourceVersion "1"]
[SourceVersionDate "2016.10.25"]
[SourceQuality "1"]

1. e4 e6 2. d3 d5 3. Nd2 c5 4. c3 Nc6 5. Ngf3 Nf6 6. Qe2 Be7 7. g3 0-0 8. Bg2 d4 9. cxd4 cxd4 10. 0-0 e5 11. Re1 Be6 12. Ng5 Bg4 13. Bf3 Bxf3 14. Ndxf3 h6 15. Nh3 Ng4 16. Nh4 Bg5 17. Qxg4 Bxc1 18. Raxc1 Nb4 19. Nf5 Qf6 20. Rc7 Nxd3 21. Re2 Nb4 22. a3 Nc6 23. Rc2 Nd8 24. Rd7 Re8 25. Rd6 Ne6 26. f4 Qg6 27. Qh4 Qf6 28. Nf2 Qxh4 29. Nxh4 exf4 30. gxf4 Nxf4 31. Rxd4 g5 32. Nf5 Kh7 33. Nd6 Re7 34. Ng4 Nh3+ 35. Kg2 Nf4+ 36. Kf3 Ne6 37. Rdc4 Kg6 38. Ne5+ Kf6 39. Ng4+ Kg6 40. Rb4 h5 41. Ne5+ Kf6 42. Nd3 g4+ 43. Kg3 Kg5 44. h4+ Kg6 45. Nf4+ Nxf4 46. Kxf4 Re6 47. Nxb7 Rf6+ 48. Ke5 Re8+ 49. Kd5 Rf3 50. Rg2 Rf1 51. Rb5 f5 52. Ra5 Rxe4 1/2-1/2

[Event "Niedersachsen-ch U18 Girls"]
[Site "Rotenburg"]
[Date "2013.03.29"]
[Round "9"]
[White "Serruns, Jacqueline"]
[Black "Schulte, Franziska"]
[Result "1/2-1/2"]
[WhiteElo "989"]
[BlackElo "764"]
[PlyCount "38"]
[EventDate "2013.03.23"]
[EventType "swiss"]
[EventRounds "9"]
[EventCountry "GER"]
[SourceTitle "EXT 2015"]
[Source "ChessBase"]
[SourceDate "2014.11.20"]
[SourceVersion "1"]
[SourceVersionDate "2014.11.20"]
[SourceQuality "1"]

1. e4 c6 2. d4 d5 3. e5 Bf5 4. Nf3 e6 5. Bf4 c5 6. c3 Nc6 7. Bd3 Bxd3 8. Qxd3 Qb6 9. Qd2 Nge7 10. 0-0 Nf5 11. Be3 Be7 12. Rd1 0-0-0 13. Ng5 Rdf8 14. Nf3 f6 15. Qe2 fxe5 16. Nxe5 Nxe5 17. dxe5 Nxe3 18. Qxe3 Qxb2 19. Nd2 Qb6 1/2-1/2

[Event "Niedersachsen-ch U18 Girls"]
[Site "Rotenburg"]
[Date "2013.03.27"]
[Round "6"]
[White "Evering, Kira"]
[Black "Schulte, Franziska"]
[Result "1/2-1/2"]
[WhiteElo "668"]
[BlackElo "764"]
[PlyCount "88"]
[EventDate "2013.03.23"]
[EventType "swiss"]
[EventRounds "9"]
[EventCountry "GER"]
[SourceTitle "EXT 2015"]
[Source "ChessBase"]
[SourceDate "2014.11.20"]
[SourceVersion "1"]
[SourceVersionDate "2014.11.20"]
[SourceQuality "1"]

1. e4 c6 2. Nc3 d5 3. exd5 cxd5 4. Bb5+ Nc6 5. Ba4 Nf6 6. Nf3 Bg4 7. h3 Bd7 8. d3 e5 9. Bxc6 bxc6 10. Nxe5 Qe7 11. d4 c5 12. Bf4 cxd4 13. Ne2 a6 14. Nxd4 Qb4+ 15. c3 Qxb2 16. Qc1 Qxc1+ 17. Rxc1 Ba3 18. Rb1 0-0 19. Nxd7 Nxd7 20. 0-0 Rac8 21. Rb3 Bc5 22. Re1 Bxd4 23. cxd4 h6 24. Rb7 Nf6 25. Rb6 a5 26. Ra6 Ra8 27. Rxa8 Rxa8 28. Rb1 Ne4 29. Re1 Nc3 30. Ra1 Ne2+ 31. Kf1 Nxf4 32. g3 Ne6 33. Rc1 Nxd4 34. Rc5 a4 35. Rxd5 Ne6 36. Re5 Rb8 37. f4 Nd4 38. g4 Nf3 39. Re3 Nd2+ 40. Kg2 Rd8 41. Ra3 Ra8 42. Rd3 Nc4 43. Rd4 Ne3+ 44. Kg3 Nc2 1/2-1/2

[Event "Niedersachsen-ch U18 Girls"]
[Site "Rotenburg"]
[Date "2013.03.25"]
[Round "4"]
[White "Rudolph, Elisa"]
[Black "Schulte, Franziska"]
[Result "1-0"]
[WhiteElo "1136"]
[BlackElo "764"]
[PlyCount "59"]
[EventDate "2013.03.23"]
[EventType "swiss"]
[EventRounds "9"]
[EventCountry "GER"]
[SourceTitle "EXT 2015"]
[Source "ChessBase"]
[SourceDate "2014.11.20"]
[SourceVersion "1"]
[SourceVersionDate "2014.11.20"]
[SourceQuality "1"]

1. e4 e6 2. Nf3 d5 3. Nc3 d4 4. Ne2 c5 5. Ng3 Nc6 6. Bc4 Bd6 7. d3 Nge7 8. Nh5 0-0 9. 0-0 Ng6 10. g3 Nce5 11. Ng5 Nxc4 12. dxc4 e5 13. Kg2 Bd7 14. f4 exf4 15. Nxf4 h6 16. Nf3 b5 17. Qe2 Qb8 18. Nxg6 fxg6 19. e5 Be7 20. e6 Bc6 21. Kg1 Bxf3 22. Rxf3 Rxf3 23. Qxf3 bxc4 24. Qf7+ Kh8 25. Qxe7 d3 26. cxd3 cxd3 27. Bf4 Qc8 28. Be5 Qg8 29. Rf1 Rf8 30. Rxf8 1-0

[Event "Niedersachsen-ch U18 Girls"]
[Site "Rotenburg"]
[Date "2012.04.01"]
[Round "2"]
[White "Schulte, Franziska"]
[Black "Serruns, Jacqueline"]
[Result "1-0"]
[WhiteElo "719"]
[BlackElo "958"]
[PlyCount "71"]
[EventDate "2012.03.31"]
[EventType "swiss"]
[EventRounds "9"]
[EventCountry "GER"]
[SourceTitle "EXT 2015"]
[Source "ChessBase"]
[SourceDate "2014.11.20"]
[SourceVersion "1"]
[SourceVersionDate "2014.11.20"]
[SourceQuality "1"]

1. e4 e5 2. Nf3 Nc6 3. Nc3 Bc5 4. Bc4 Nf6 5. 0-0 d6 6. d3 Bg4 7. Bg5 h6 8. Bd2 Nh5 9. h3 Bd7 10. Ne1 Ng3 11. Qf3 f6 12. Qxg3 g5 13. Qf3 Rh7 14. Qh5+ Ke7 15. Qg6 Qh8 16. Nd5+ Kd8 17. Nxf6 Rg7 18. Qh5 Ne7 19. Nxd7 Kxd7 20. Bb5+ c6 21. Qg4+ Kc7 22. Bc4 Rf8 23. Ba5+ b6 24. Bd2 h5 25. Qg3 g4 26. hxg4 Rxg4 27. Qh3 Qf6 28. Nf3 Qg6 29. Bg5 Ng8 30. Bd2 Re8 31. Nh4 Qf6 32. Nf3 Nh6 33. Qxh5 Rh8 34. Qh3 Qg6 35. Nh4 Qg7 36. Be6 1-0